01126nam a2200193Ia 4500001001100000003001000011008004100021040002500062041001300087100001800100245005400118250001100172260009200183300001200275500026000287501011400547520026000661650001100921L530-25973IT-CnALBA170116s9999||||xx |||||||||||||| ||und|| aIT-CnALBAcIT-CnALBA aITALIANO aFORTI UMBERTO 0aFISICA PER LICEI SCIENTIFICI. VOL. I. MECCANICA.  a1a ed. a FI, VARESE, VE.bLA NUOVA ITALIA EDIT. c1960 [1° Ed.:1956 - Ed.Ling.Originale: 1956] a267 p.  aDONO DI GROSSO V. SSP. III RISTAMPA. MECCANICA DEI SOLIDI. CINEMATICA. MOTO VARIO, PERIODICO. IL PRINCIPIO DI ENERGIA. STATICA. MACCHINE SEMPLICI. DINAMICA. LEGGI DI KEPLERO. GRAVITAZIONE. DINAMICA E FORZA CENTRIPETA. EFFETTI GIROSCOPICI. LAVORO ENERGIA P aSocietà San Paolo EM - Piazza San Paolo, 14 - 12051 ALBA (CN) (non commercial uses only) ® Copyright 2017 aDONO DI GROSSO V. SSP. III RISTAMPA. MECCANICA DEI SOLIDI. CINEMATICA. MOTO VARIO, PERIODICO. IL PRINCIPIO DI ENERGIA. STATICA. MACCHINE SEMPLICI. DINAMICA. LEGGI DI KEPLERO. GRAVITAZIONE. DINAMICA E FORZA CENTRIPETA. EFFETTI GIROSCOPICI. LAVORO ENERGIA P aFISICA